Statistiken für In "Das magische Baumhaus" besuchte Länder

Klicken Sie hier um das Quiz zu spielen!

Allgemein

  • Dieses Quiz wurde 49 mal gespielt
    (35 seit der letzten Aktualisierung)
  • Das Durchschnittsergebnis liegt bei 15 aus 22

Antworten auf der Karte

Die Antworten werden auf der Karte rot bzw. grün angezeigt, abhängig davon wie oft sie richtig erraten wurden.
 

Antwortstatistiken

BuchLand% Korrekt
alleVereinigte Staaten
97%
Im Land der Drachen, Pandas in großer GefahrChina
94%
Im Land der Samurai, Angriff des WolkendrachenJapan
94%
Geheimauftrag in Paris, Danger in the Darkest Hour (noch nicht auf Deutsch erschienen)Frankreich
91%
Das Geheimnis der Mumie, Abenteuer im Tal der KönigeÄgypten
88%
Im Schatten des Vulkans, Sturmflut vor Venedig, Der geheime Flug des Leonardo, Der römische SpionItalien
88%
Das beste Fußballspiel aller Zeiten, Der König der MayasMexiko
88%
Im Reich des Tigers, Das Gift der KönigskobraIndien
84%
Rettung in der WildnisAustralien
81%
Abenteuer in Olympia, Im Bann des schwarzen HengstesGriechenland
78%
Der geheimnisvolle Ritter, Insel der Wikinger, Das Geheimnis des alten Theaters, Geister in der NebelnachtVereinigtes Königreich
78%
Narwal in großer GefahrDänemark (Grönland)
63%
Gefangen im ElfenwaldIrland
63%
Das Geheimnis der NashörnerSüdafrika
63%
Das verborgene Reich der InkaPeru
59%
Den Gorillas auf der SpurDemokratische Republik Kongo
50%
Die geheime Macht der ZauberflöteÖsterreich
44%
Lawinenhunde im SchneesturmSchweiz
41%
Die Spur des SchneeleopardenNepal
38%
Im Tal der LöwenTansania
38%
Der gestohlene WüstenschatzIrak
28%
Time of the Turtle King (noch nicht auf Deutsch erschienen)Ecuador
19%

Verteilung der Resultate

Perzentil nach korrekt beantworteten Fragen

Anzahl Personen mit jedem Resultat

Ihre Resultats-Entwicklung

Sie haben dieses Quiz seit der letzten Aktualisierung nicht gespielt